Vnútrofiremná elektronická komunikácia diplomová práca

Gespeichert in:
Bibliographische Detailangaben
1. Verfasser: Beňačka, Ján
Körperschaft: Fakulta podnikového manažmentu EU. Katedra informačného manažmentu
Weitere Verfasser: Töröková, Anikó, 1963-
Format: Buch
Sprache:Slowakisch
Veröffentlicht: Bratislava 2018
Tags: Tag hinzufügen
Keine Tags, Fügen Sie das erste Tag hinzu!

MARC

LEADER 00000nbm a2200000 4500
001 0244761
005 20180921143028.3
041 0 |a slo 
044 |a SK 
245 1 0 |a Vnútrofiremná elektronická komunikácia  |b diplomová práca  |c Ján Beňačka ; školiteľ: Anikó Töröková 
264 1 |a Bratislava  |c 2018 
300 |a 78 s. 
100 1 |a Beňačka, Ján 
700 1 |a Töröková, Anikó, 1963- 
710 2 |a Fakulta podnikového manažmentu EU. Katedra informačného manažmentu